000 00333nam a22001337a 4500
005 20251007130812.0
008 250929b |||||||| |||| 00| 0 eng d
041 _aHINDI
100 _aCHATURVEDI, PRAMILA
_98708
245 _aBHARAT KE VIGYAN PURUSH
260 _aUTTAR PRADESH
_bAKSHAR PLANT
_c2025
300 _a48;P
942 _cBK
999 _c8859
_d8857